000 01350cam a22003374a 4500
001 12487352
003 ARRUPE
005 20160824111353.0
008 010730r20021991inua b 000 0 eng
010 _a 2001046428
020 _a0268042195 (cloth : alk. paper)
020 _a0268042209 (pbk. : alk. paper)
040 _aDLC
_cDLC
_dDLC
042 _apcc
050 0 0 _aBX4705.G6178
_bA3 2002
082 0 0 _a261.2/45
_221
100 1 _aGrant, Sara,
_d1922-
_925416
245 1 0 _aToward an alternative theology :
_bconfessions of a non-dualist Christian : the Teape lectures, 1989 /
_cSara Grant ; introduction by Bradley J. Malkovsky.
260 _aNotre Dame, Ind. :
_bUniversity of Notre Dame Press,
_cc2002.
300 _axxvi, 99 p. :
_bill. ;
_c23 cm.
500 _aOriginally published: Bangalore : Asian Trading Corp., 1991.
504 _aIncludes bibliographical references.
600 1 0 _aGrant, Sara,
_d1922-
_925416
650 0 _aAdvaita.
_925417
650 0 _aTheology.
_925418
650 0 _aChristianity and other religions
_xHinduism.
_98258
650 0 _aHinduism
_xRelations
_xChristianity.
_925419
906 _a7
_bcbc
_corignew
_d1
_eocip
_f20
_gy-gencatlg
942 _2lcc
_cMONOGRAPH
999 _c125122
_d125122